Top 150 European Football Attendances - Statistics

General Stats
  • This quiz has been taken 35 times
  • The average score is 87 of 150
Answer Stats
Hint Answer % Correct
13 Liverpool ENG 60.330
100%
3 Manchester United ENG 73.747
100%
5 AC Milan ITA 71.544
97%
14 Arsenal ENG 60.251
97%
2 Bayern München GER 75.000
97%
6 Inter Milan ITA 70.129
97%
23 Manchester City ENG 52.591
97%
7 Olympique Marseille FRA 63.553
97%
31 Paris Saint-Germain FRA 47.603
97%
4 Real Madrid ESP 72.701
97%
1 Borussia Dortmund GER 81.365
94%
47 Chelsea ENG 39.611
91%
9 AS Roma ITA 62.435
88%
12 Atletico Madrid ESP 60.883
88%
46 Juventus ITA 40.237
88%
24 Newcastle United ENG 52.187
88%
11 Tottenham Hotspur ENG 61.127
88%
34 Barcelona ESP 46.005
84%
20 Ajax NED 54.263
81%
41 Aston Villa ENG 42.079
81%
17 Benfica POR 58.746
81%
38 Galatasaray Istanbul TUR 43.039
81%
26 Olympique Lyon FRA 50.994
81%
55 PSV NED 34.338
81%
61 Southampton ENG 30.865
81%
8 West Ham United ENG 62.464
81%
29 Athletic Club ESP 48.401
78%
16 Celtic SCO 58.903
78%
48 Everton ENG 39.173
78%
32 Feyenoord NED 47.235
78%
30 Rangers SCO 48.255
78%
45 Sunderland ENG 40.425
78%
18 Eintracht Frankfurt GER 57.600
75%
19 Hamburger SV GER 56.324
75%
36 Lazio ITA 44.786
75%
44 Porto POR 40.609
75%
35 RB Leipzig GER 45.045
75%
25 Real Betis ESP 51.542
75%
39 Sporting POR 42.529
75%
27 SSC Napoli ITA 50.989
75%
37 Valencia ESP 43.042
75%
28 1. FC Köln GER 49.929
72%
66 Bayer 04 Leverkusen GER 29.961
72%
135 Fiorentina ITA 20.390
72%
52 Leeds United ENG 36.134
72%
136 Malmö FF SWE 20.273
72%
64 Nantes FRA 30.269
72%
10 Schalke 04 GER 61.639
72%
54 Sevilla ESP 35.574
72%
15 VfB Stuttgart GER 59.265
72%
53 Zenit Sankt-Petersburg RUS 35.691
72%
57 Fenerbahçe Istanbul TUR 33.571
69%
87 Fulham ENG 26.826
69%
21 Hertha BSC GER 53.191
69%
60 Leicester City ENG 31.448
69%
40 Lille OSC FRA 42.417
69%
59 Brighton & Hove Albion ENG 31.482
66%
100 Crystal Palace ENG 25.064
66%
67 Genoa ITA 29.898
66%
103 Legia Warsaw POL 24.867
66%
106 OGC Nice FRA 24.299
66%
105 VfL Wolfsburg GER 24.596
66%
82 Bologna ITA 28.007
63%
75 Dynamo Dresden GER 28.991
63%
58 Mainz 05 GER 32.390
63%
65 Nottingham Forest ENG 30.059
63%
148 Parma ITA 19.153
63%
112 Torino ITA 22.947
63%
43 Werder Bremen GER 41.403
63%
62 Wolverhampton Wanderers ENG 30.660
63%
79 Beşiktaş Istanbul TUR 28.393
59%
22 Borussia Mönchengladbach GER 53.078
59%
80 Copenhagen DEN 28.205
59%
130 Palermo ITA 20.730
59%
143 Racing Strasbourg FRA 19.380
59%
68 Real Sociedad ESP 29.877
59%
95 Toulouse FRA 25.566
59%
120 Union Berlin GER 21.953
59%
114 Atalanta ITA 22.700
56%
69 Augsburg GER 29.820
56%
90 Birmingham City ENG 26.283
56%
49 Hannover 96 GER 38.300
56%
104 Málaga ESP 24.857
56%
141 Burnley ENG 19.876
53%
115 Club Brugge BEL 22.496
53%
42 Fortuna Düsseldorf GER 41.488
53%
89 Norwich City ENG 26.316
53%
56 SC Freiburg GER 34.188
53%
85 Stade Rennais FRA 27.375
53%
96 VfL Bochum GER 25.546
53%
101 West Bromwich Albion ENG 25.057
53%
51 1. FC Nürnberg GER 37.408
50%
91 Basel SUI 26.150
50%
50 RC Lens FRA 37.936
50%
81 Sheffield United ENG 28.087
50%
88 Sheffield Wednesday ENG 26.636
50%
140 Spartak Moscow RUS 19.979
50%
63 AS Saint-Étienne FRA 30.288
47%
70 Ipswich Town ENG 29.742
47%
97 Middlesbrough ENG 25.416
47%
86 Olympiakos GRE 26.969
47%
137 Portsmouth ENG 20.263
47%
118 Sampdoria ITA 22.077
47%
98 TSG Hoffenheim GER 25.309
47%
71 Twente NED 29.662
47%
144 Watford ENG 19.379
47%
33 1. FC Kaiserslautern GER 46.348
44%
78 BSC Young Boys SUI 28.482
44%
146 Cardiff City ENG 19.344
44%
124 Celta Vigo ESP 21.504
44%
74 Derby County ENG 29.018
44%
72 St. Pauli GER 29.506
44%
132 Utrecht NED 20.658
44%
116 Bristol City ENG 22.423
41%
123 Deportivo La Coruña ESP 21.571
41%
119 Hajduk Split CRO 22.028
41%
126 Hull City ENG 21.323
41%
76 Lech Poznań POL 28.947
41%
113 Stoke City ENG 22.804
41%
121 Udinese Calcio ITA 21.834
41%
83 Coventry City ENG 27.816
38%
129 Eintracht Braunschweig GER 21.080
38%
145 Metz FRA 19.361
38%
92 US Lecce ITA 26.007
38%
125 Bolton Wanderers ENG 21.325
34%
94 Espanyol ESP 25.640
34%
73 Karlsruher SC GER 29.492
34%
134 Maccabi Tel Aviv ISR 20.442
34%
127 Arminia Bielefeld GER 21.245
31%
149 Huddersfield Town ENG 18.817
31%
111 Maccabi Haifa ISR 22.953
31%
99 1. FC Magdeburg GER 25.300
28%
77 AIK SWE 28.589
28%
93 Alemannia Aachen GER 25.861
28%
117 Groningen NED 22.231
25%
107 Hansa Rostock GER 24.269
25%
138 Le Havre AC FRA 20.218
25%
133 Osasuna ESP 20.476
25%
142 Real Valladolid ESP 19.829
25%
109 SC Heerenveen NED 23.389
25%
110 UD Las Palmas ESP 23.010
22%
131 Real Oviedo ESP 20.673
19%
102 Hellas Verona ITA 24.882
16%
84 Krasnodar RUS 27.561
16%
139 Racing Santander ESP 20.212
16%
150 Śląsk Wrocław POL 18.802
16%
147 Djurgårdens IF SWE 19.340
13%
108 Hammarby IF SWE 23.579
13%
128 Real Sporting Gijón ESP 21.131
13%
122 Brøndby IF DEN 21.659
6%
No matching quizzes found
Score Distribution
Percent of People with Each Score
Percentile by Number Answered
Your Score History
You have not taken this quiz